000 00624nam a22001935i 4500
001 162798
003 ES-MaACL
005 20260201063017.0
008 990413s1848 fr |||| | fre d
040 _aCCPB | B
_bspa
_cCCPB | B
100 1 _aQuételet, Adolphe,
_d1796-1874
_9155074
245 1 0 _aDu système social et des lois qui le régissent /
_cpar Ad. Quételet.
260 _aParis :
_bGuillaumin et C\pie\s, Libraires,
_c1848.
300 _aXVI, 360 p. ;
_c22 cm.
597 _aAntep.
650 7 _aSociología
_2embne
_917195
852 _aES-MaACL
_jC-2997
_z-- Enc. hol.
999 _c162798
_d162798